000 00420nam a22001697a 4500
003 OSt
005 20160831115429.0
008 160831b xxu||||| |||| 00| 0 eng d
020 _a9780135145579
040 _cNA
050 _aHF5415
_b.M3696 2008
100 _aMichael R. Solomon
245 _aMarketing Real People Real Decisions
250 _a3rd ed
260 _aToronto
_bPrentice Hall
_c2008
942 _2lcc
_cBK
999 _c255120
_d255119